Aktuálne problémy (ne)zamestnanosti nízkokvalifikovaných pracovných síl
Na minha lista:
| Autor principal: | |
|---|---|
| Formato: | Livro |
| Idioma: | eslovaco |
| Publicado em: |
Bratislava
Ekonomický ústav SAV
2014
|
| Assuntos: | |
| Tags: |
Sem tags, seja o primeiro a adicionar uma tag!
|
MARC
| LEADER | 00000nam a2200000 4500 | ||
|---|---|---|---|
| 001 | 0201623 | ||
| 005 | 20220927141016.3 | ||
| 020 | |a 978-80-89608-16-4 | ||
| 041 | 0 | |a slo | |
| 044 | |a SK | ||
| 245 | 1 | 0 | |a Aktuálne problémy (ne)zamestnanosti nízkokvalifikovaných pracovných síl |c Ján Košta a kolektív |
| 264 | 1 | |a Bratislava |b Ekonomický ústav SAV |c 2014 | |
| 300 | |a 150 s. | ||
| 610 | 2 | 0 | |a sily pracovné |
| 610 | 2 | 0 | |a kvalifikácia |
| 610 | 2 | 0 | |a miera zamestnanosti |
| 610 | 2 | 0 | |a vzdelanie |
| 610 | 2 | 0 | |a problémy spoločenské |
| 610 | 2 | 0 | |a nezamestnanosť |
| 610 | 2 | 0 | |a ponuka práce |
| 610 | 2 | 0 | |a mzdy minimálne |
| 610 | 2 | 0 | |a vzdelávanie ďalšie |
| 610 | 2 | 0 | |a politika rodinná |
| 610 | 2 | 0 | |a diskriminácia |
| 610 | 2 | 0 | |a trh práce |
| 610 | 2 | 0 | |a disparita |
| 610 | 2 | 0 | |a politika zamestnanosti |
| 610 | 2 | 0 | |a porovnanie medzinárodné |
| 610 | 2 | 0 | |a výdavky |
| 610 | 2 | 0 | |a politika hospodárska |
| 610 | 2 | 0 | |a politika sociálna |
| 610 | 2 | 0 | |a Slovensko |
| 610 | 2 | 0 | |a Rómovia |
| 100 | 1 | |a Košta, Ján | |